Historia de la Yihad: catorce siglos de sangre en el nombre de Alá
Kaydedildi:
| Yazar: | |
|---|---|
| Materyal Türü: | Kitap |
| Dil: | İspanyolca |
| Baskı/Yayın Bilgisi: |
Madrid
La Esfera de los Libros S. L
2015
|
| Edisyon: | 1a. ed |
| Konular: | |
| Etiketler: |
Etiketle
Etiket eklenmemiş, İlk siz ekleyin!
|
MARC
| LEADER | 00000cam a2200000 a 4500 | ||
|---|---|---|---|
| 001 | UCC5931 | ||
| 003 | CL-VaPUC | ||
| 008 | 181109e20150000sp |||||||||||||||||spa|d | ||
| 020 | |a 9788490603642 | ||
| 082 | 0 | 4 | |a 297.72 |b ESP |2 21 |
| 100 | 0 | |a Esparza, José Javier |e author |9 600366 | |
| 245 | 1 | 0 | |a Historia de la Yihad: catorce siglos de sangre en el nombre de Alá |
| 250 | |a 1a. ed | ||
| 300 | |a 380 p | ||
| 942 | |c BK | ||
| 945 | |d 20181109 15:19:00 |a dcastane | ||
| 260 | |a Madrid |b La Esfera de los Libros S. L |c 2015 | ||
| 650 | 0 | |a Islamismo |9 314084 | |
| 650 | 7 | |a GUERRA SANTA |2 CL-VaPUC |9 442417 | |
| 650 | 0 | |a Yihad |9 484727 | |
| 650 | 0 | |a Musulmanes |9 332296 | |
| 583 | |a last modification |c 20181109 15:19:00 |k Rodrigo Vera | ||
| 999 | |c 373034 |d 373032 | ||
| 952 | |0 0 |1 0 |3 erd |4 0 |6 297_720000000000000_ESP_2015 |7 0 |8 A |9 490948 |a BIBCUR |b BIBCUR |i 5511763 |o 297.72 ESP 2015 |p 5511763 |r 2025-04-22 |w 2019-11-24 |y BK |z Catalogado en:20181109 |k PER | ||